000 00679nam a22002297a 4500
999 _c14385
_d14385
003 MIRAKIL
005 20210527134512.0
008 210527b tu ||||| |||| 00| 0 tur d
020 _a9786050381832(2.c.)
040 _aTR-AnCHP
_cTR-AnCHP
041 _atur
082 _a891.73
_bÇ33b 2020
100 _aÇehov, Anton
245 1 0 _aBütün eserleri II ;
_b1883/
_cAnton Çehov ; çeviren Uğur Büke
260 _aİstanbul:
_bAlfa Yayıncılık,
_c2020.
300 _a408 s.:
_c20 sm.
490 _aAlfa Yayıncılık;
_aAlfa Klasik;
_v3827.
_v165.
650 0 _95112
_aRus Edebiyatı
_xÖykü
700 _96372
_aBüke, Uğur
_eçev.
942 _2ddc
_cBKS
999 _d14385